000 00927nam2a2200253 4500
001 rc\3049520
005 20260315065930.0
035 _a(NLR Aleph) 007189109
090 _a13624515
_c13624515
100 _a20111010d1936 u y0rusy50 ca
101 0 _arus
102 _aRU
105 _aa z |||||
200 1 _aИзменение конструкции крышек у латных, хромовых и дубильных барабанов
210 _d1936
215 _a4 с.
_cчерт.
461 0 _1001rc\3049512
_12001#$aОбмен опытом$e1-$v9
_97519757
_a"Кожевенно-обувная промышленность СССР", журнал (Москва)
_cМосква
_d1936
_nБ. и.
_o1-
_tОбмен опытом
_v9
700 1 _aФридман
_bБ.И.
701 1 _aГиндикин
801 0 _aRU
_bNLR
_gpsbo
801 1 _aRU
_bELAR
_2rusmarc
852 _aNLR
_j36-15/26
942 _cUNSPEC
980 _aNB